Scorpion(TV series) quiz #1 - Statistics

General Stats
  • This quiz has been taken 80 times
  • The average score is 12 of 15
Answer Stats
Questions Answers % Correct
Main character Walter O' Brien
100%
Mechanical genius/hot-head Happy Quinn
96%
Human translator/main character's love interest Paige Dineen
96%
Human calculator(biggest actual nerd of the group) Sylvester "Sly" Todd
96%
Wise cracking psychologist/doctor Tobias "Toby" Curtis
96%
Government handler Cabe Gallo
94%
Above's genius son Ralph Dineed
94%
Main character's exact IQ 197
90%
Main character's sister Megan O' Brien
90%
What is the psychologist addicted to Gambling
70%
What disease main character's sister has Multiple Sclerosis
64%
Government agency Scorpion work for Homeland Security
61%
Country above is from Ireland
60%
What did two of the characters get married to get Citizenship
37%
What does the mechanic fix as a hobby Motorbikes
27%
No matching quizzes found
Score Distribution
Percent of People with Each Score
Percentile by Number Answered
Your Score History
You have not taken this quiz